Jeux Olympiques 1920 - Pays participants - Statistiques

Statistiques générales
  • Ce quiz a été pris 18 fois
  • Le résultat moyen est 36 sur 40
Réponses sur la Carte
Les réponses sont colorées sur une échelle allant du rouge au vert en fonction du pourcentage des utilisateurs qui les ont devinées à leur premier essai. Vous pouvez retrouver ces pourcentages ci-dessous.
 
Statistiques - réponses
Nombre d'athlètes Pays % Correct
13 Australie
100%
16 Brésil
100%
52 Canada
100%
02 Chili
100%
57 Espagne
100%
287 Etats-Unis
100%
303 France
100%
06 Inde britannique
100%
Inde britannique
100%
Inde britannique
100%
Inde britannique
100%
15 Japon
100%
13 Portugal
100%
234 Royaume-Uni
100%
258 Suède
100%
77 Suisse
100%
01 Argentine
94%
63 Finlande
94%
48 Grèce
94%
172 Italie
94%
193 Norvège
94%
39 Afrique du Sud
88%
Afrique du Sud
88%
330 Belgique
88%
155 Danemark
88%
18 Egypte
88%
04 Nouvelle-Zélande
88%
130 Pays-Bas
88%
15 Yougoslavie
82%
Yougoslavie
82%
Yougoslavie
82%
Yougoslavie
82%
Yougoslavie
82%
Yougoslavie
82%
Yougoslavie
82%
26 Luxembourg
76%
04 Monaco
65%
119 Tchécoslovaquie
65%
Tchécoslovaquie
65%
14 Estonie
53%
Aucun quiz correspondant
Distribution des résultats
% des personnes avec chaque résultat
Percentile par nombre de réponses
Votre historique - résultats
Vous n’avez pas pris ce quiz